| 000 | 01198nam a2200217Ia 4500 | ||
|---|---|---|---|
| 003 | Ost | ||
| 005 | 20260507075324.0 | ||
| 008 | 260507s9999||||xx |||||||||||||| ||und|| | ||
| 020 | _a56652499579 | ||
| 040 | _cfsecg | ||
| 041 | _aara | ||
| 082 | _a350 | ||
| 100 |
_aأبو شيخة، نادر أحمد _eمؤلف |
||
| 245 | 0 |
_aالتنظيم و أساليب العمل / _c نادر أحمد أبو شيخة |
|
| 260 |
_aعمان: _bدار صفاء للنشر والتوزيع, _c2011 |
||
| 300 |
_a834 صفحة؛ _c25 سم |
||
| 520 | _aنظريات الادارة و التطوير الاداري، التطور الاداري بين الفكر و الممارسة في الدول العربية، مدخل الى التنظيم و الأساليب، التنظيم كوظيفة إدارية، أبعاد الهيكل التنظيمي و محدداته و نماذج الهيكل التنظيمي، الخرائط التنظيمية و النماذج، تصميم المكتب و تبسيط إجراءات العمل و أخيرا كتابة التقارير | ||
| 653 | _aالإدارة العامة | ||
| 653 | _aالعمل والعمال- تنظيم وإدارة | ||
| 942 | _cكتاب | ||
| 999 |
_c43948 _d43948 |
||